| 000 | 00647nam a22002417a 4500 | ||
|---|---|---|---|
| 003 | dpl | ||
| 005 | 20180714162633.0 | ||
| 008 | 180714b xxu||||| |||| 00| 0 eng d | ||
| 010 | _aB-042159 | ||
| 020 |
_c00.00 _a1582790329 |
||
| 035 | _aB-042159, B-042163 | ||
| 037 | _bCen Lib/Ret | ||
| 040 |
_aDPL _bEN _c0 |
||
| 082 |
_aN _bAUS |
||
| 100 |
_aAusten, Jane _931048 |
||
| 245 |
_aPride and prejudice / _cby Jane Austen |
||
| 260 |
_aNew York _bThe Century Co. _c1999 |
||
| 270 |
_aNew York _bNew York |
||
| 300 |
_a329p. : _c21cm(Hb) _bill. |
||
| 650 |
_aCourtship _931049 |
||
| 650 |
_aYoung women _9107144 |
||
| 942 |
_2ddc _cEN _hN _mAUS |
||
| 999 |
_c131172 _d131172 |
||